Estadísticas para Capitales Mundiales más Grandes

Haz click aquí para tomar la prueba!

Estadísticas generales

  • Esta prueba ha sido tomada 2.904 veces
    (1.205 desde el último reinicio)
  • La puntuación promedio es 14 de 20

Estadísticas de respuestas

PoblaciónCapital% Correcto
40.2Tokio
94%
20.4Pekín
94%
11.4París
91%
17.2Moscú
91%
14.7Londres
90%
22.8Ciudad de México
88%
16.3Buenos Aires
87%
8.55Washington D.C.
80%
20.5El Cairo
72%
24.7Seúl
72%
9.80Bogotá
71%
30.6Yakarta
68%
9.90Lima
67%
18.3Bangkok
60%
25.2Manila
59%
15.0Teherán
55%
19.5Daca
53%
8.70Kuala Lumpur
49%
12.0Kinsasa
39%
9.10Taipéi
39%

Distribución de puntuación

Porcentaje por número respondido

Porcentaje de gente con cada puntuación

Historial de tus puntuaciones

No has tomado esta prueba desde el último reinicio